000 00656nam a22001937a 4500
999 _c186250
_d186250
005 20220218153703.0
010 _aENG-131683
020 _a9788194878483
_c550.00
035 _aEN-115215
037 _bDBAD
082 _a512.9434
100 _aShaw, Sk. Mohiddin
245 _aMatrix Algebra and Calculus:
_bLinear Algebra and Vector Calculus/
_cSk. Mohiddin Shaw, G. Dharmaiah
260 _aHyderabad
_bAmaravati Publications
_c2021
270 _a# 326/C, Level 2, Surneni Nilayam Near B K Guda Park, S R Nagar
_bHyderabad
_e500038
300 _aviii, vp.
_c24cm(pbk)
700 _aDharmaiah, G.
942 _2ddc
_cEN
_h512.9434
_mSHA